Von Balthasar y el giro estético de la exégesis veterotestamentaria. Un caso de estudio. Poder y alianza en la transición de Saúl a David (Record no. 410931)

000 -CABECERA
Campo de control de longitud fija 00471nab a22001097u 4500
008 - CÓDIGOS DE INFORMACIÓN DE LONGITUD FIJA
Campo de control de longitud fija 130520b2009 xxu||||| |||| 00| 0 spa d
041 ## - CÓDIGO DE LENGUA
Código de lengua del texto/banda sonora o título independiente spa
100 1# - PUNTO DE ACCESO PRINCIPAL-NOMBRE DE PERSONA
Nombre de persona Treek Nilsson, Mike D. Van
9 (RLIN) 77660
245 00 - MENCIÓN DE TÍTULO
Título Von Balthasar y el giro estético de la exégesis veterotestamentaria. Un caso de estudio. Poder y alianza en la transición de Saúl a David
Mención de responsabilidad, etc. Mike D. van Treek Nilsson
773 0# - ENLACE AL DOCUMENTO FUENTE
Título Teología y Vida
Parte(s) relacionada(s) V.50, nº1-2,2009,págs. 319-336
Número Internacional Normalizado para Publicaciones Seriadas (ISSN) 0049-3449
Número de control del registro relacionado Rev467
942 ## - ENTRADA DE ELEMENTOS AGREGADOS (KOHA)
Koha [por defecto] tipo de item Artículos de revista
Holdings
Suprimido Perdido Estropeado No para préstamo Localización permanente Localización actual Localización en estantería Fecha adquisición Préstamos totales Fecha última consulta Fecha del precio de reemplazo Tipo de item de Koha
        San Esteban San Esteban Depósito de revistas 21/05/2013   21/05/2013 21/05/2013 Artículos de revista

Bibliotecas Dominicos Provincia Hispania, 2016

Con tecnología Koha